000
00292nam a2200145Ia 4500
100
_a
Pressman Roger.S
250
_a
5
942
_c
BK
654
_a
software
245
_a
Software Engineering
260
_b
Mc Graw Hill
_c
2001
082
_a
5.1
_b
PRE
300
_a
860
546
_a
ENGLISH
999
_c
30546
_d
30546